100 Highest Earning Movies of 2024 - Statistics

General Stats
  • This quiz has been taken 24 times
  • The average score is 23 of 100
Answer Stats
Worldwide Gross Movie % Correct
2) $1.3B Deadpool and Wolverine
88%
1) $1.7B Inside Out 2
75%
5) $728M Wicked
75%
4) $969M Despicable Me 4
56%
6) $715M Dune: Part Two
56%
12) $462M Gladiator II
56%
7) $699M Mufasa: The Lion King
56%
33) $179M Nosferatu
56%
81) $38M Anora
50%
27) $208M Joker: Folie à Deux
50%
18) $397M Kingdom of the Planet of the Apes
50%
10) $483M Sonic the Hedgehog 3
50%
57) $77M The Substance
50%
13) $452M Beetlejuice Beetlejuice
44%
9) $548M Kung Fu Panda 4
44%
46) $100M Madame Web
44%
3) $1.1B Moana 2
44%
30) $186M Red One
44%
39) $138M Smile 2
44%
11) $479M Venom: The Last Dance
44%
43) $110M A Complete Unknown
38%
21) $351M Alien: Romulus
38%
17) $405M Bad Boys: Ride Or Die
38%
50) $96M Challengers
38%
20) $351M It Ends With Us
38%
42) $127M Longlegs
38%
52) $89M Terrifier 3
38%
84) $37M The Brutalist
38%
31) $181M The Fall Guy
38%
22) $331M The Wild Robot
38%
54) $84M Trap
38%
19) $372M Twisters
38%
24) $262M A Quiet Place: Day One
31%
49) $96M Argylle
31%
48) $99M Conclave
31%
35) $174M Furiosa: A Mad Max Saga
31%
28) $202M Ghostbusters: Frozen Empire
31%
8) $572M Godzilla x Kong: The New Empire
31%
89) $35M Monkeyman
31%
40) $129M Transformers One
31%
74) $42M Abigail
25%
59) $63M Babygirl
25%
41) $127M Civil War
25%
75) $42M Fly me to the Moon
25%
61) $58M Heretic
25%
80) $39M Horizon: An American Saga - Chapter 1
25%
65) $54M The First Omen
25%
62) $57M We Live in Time
25%
68) $51M Back to Black
19%
71) $48M Blink Twice
19%
32) $181M Bob Marley: One Love
19%
93) $33M Borderlands
19%
29) $191M IF
19%
88) $35M Immaculate
19%
60) $62M Kraven the Hunter
19%
38) $151M Paddington in Peru
19%
58) $77M Speak no Evil
19%
37) $153M The Beekeeper
19%
14) $434M Yolo
19%
25) $251M Boonie Bears: Time Twist
13%
45) $105M Mean Girls
13%
15) $423M Pegasus 2
13%
16) $422M Successor
13%
85) $36M The Bikeriders
13%
26) $235M The Garfield Movie
13%
100) $30M The Ministry of Ungentlemanly Warfare
13%
92) $33M The Watchers
13%
23) $307M Article 20
6%
47) $100M Haikyu!! The Dumpster Battle
6%
73) $44M Imaginary
6%
63) $55M Night Swim
6%
69) $49M Tarot
6%
56) $78M The Count of Monte-Cristo
6%
70) $48M The Strangers: Chapter 1
6%
53) $84M A Little Something Extra
0%
34) $174M A Place Called Silence
0%
76) $41M Arthur the King
0%
97) $31M A Strange House
0%
87) $36M Beating Hearts
0%
79) $39M Cells at Work!
0%
67) $52M Coraline (15th Anniversary)
0%
72) $44M Demon Slayer: Kimetsu No Yaiba - To the Hashira Training
0%
44) $108M Detective Conan: The Million-Dollar Pentagram
0%
91) $33M Doraemon the Movie: Nobita's Earth Symphony
0%
51) $94M Exhuma
0%
99) $30M Finist. The First Warrior
0%
90) $34M Harbin
0%
94) $32M Harold and the Purple Crayon
0%
82) $38M Interstellar (2024 Re-release)
0%
66) $53M I, the Executioner
0%
64) $54M Kingdom 4: Return of the Great General
0%
83) $37M Last Mile
0%
86) $36M Mobile Suit Gundam SEED Freedom
0%
95) $32M My Hero Academia: You're Next
0%
96) $31M Pilot
0%
98) $30M Reagan
0%
78) $40M The Best Christmas Pageant Ever
0%
77) $40M The Forge
0%
55) $80M The Roundup: Punishment
0%
36) $153M The Volunteers: The Battle of Life and Death
0%
No matching quizzes found
Score Distribution
Percent of People with Each Score
Percentile by Number Answered
Your Score History
You have not taken this quiz